Statistics for Bud Spencer Trivia A-Z

Click here to take the quiz!

General Stats

  • This quiz has been taken 9 times
  • The average score is 10 of 26

Answer Stats

#DescriptionAnswer% Correct
BIn this movie he plays a brawny yet friendly man who lives in a small rainforest village called Amantido and regularly delivers fruits to a South American river port.Banana Joe
86%
CHe was born in 1929 as...Carlo Pedersoli
71%
IHe was born in this country.Italy
71%
NBorn in this city in 1929.Naples
71%
TIn most of his films he plays with this Italian actor and also his friend.Terence Hill
71%
SHe played in many Italian westerns which are also known as ".............. westerns". (Hint: Type of Italian food).Spaghetti
57%
V'Two Missionaries' (1974) was set in this country.Venezuela
57%
DIn this movie Brazilian billionaire cousins Bastiano and Antonio Coimbra de la Coronilla y Azevedo are in fear for their lives after several assassination attempts.Double Trouble
43%
FIn 2005, he entered politics, unsuccessfully standing as regional councilor in Lazio for this party (Hint: Party of Silvio Berlusconi / also means 'Let's go, Italy').Forza Italia
43%
HTitle of the movie: "I'm for the............." (Hint: animal).Hippopotamus
43%
MHe participated in the Summer Olympic Games in swimming in Helsinki (1952) and also in ......... (1956).Melbourne
43%
OHis favourite dish: Beans with...Onions
43%
RThe original name of policeman/commissioner mentioned above at 'P'.Rizzo
43%
LHe was a professional water polo player in this famous Italian sport club.S.S. Lazio
43%
USeveral movies play in this country.USA
43%
AOn a treasure island Charlie Firpo (played by Spencer) meets this native person in movie 'Who finds a friend, finds a treasure' played by Sal Borgese.Anulu
29%
POne of his most famous role/character as a policeman. (Hint: Flatfoot)Piedone
29%
QFirst film appearance as a Roman guard directed by Mervyn LeRoy in 1951. (Hint: famous novel by Polish writer Henryk Sienkiewicz).Quo Vadis
29%
YIn movie 'Buddy Goes West' he protects the inhabitants of this small town in the Wild West.Yucca
29%
EDirector of many Bud Spencer films, also known as E.B. Clucher.Enzo Barboni
14%
G1983 movie in which the charming dodger Rosco Frazer and Doug O’Riordan, a convict recently released for sinking a yacht which had annoyed him, meet each other during a rough brawl in a roadhouse.Go For It!
14%
JIn movie 'Odds and Evens' Spencer replaces his friend in a Basque pelota game under this fake name. (Hint: bacon in Spanish language).Jamon Serrano
14%
XUnder the name 'Slaps and Beans' a video game has been made for this console as well.X-Box
14%
KThe movie 'Who finds a friend, finds a treasure' was shot on this island. (Hint: near to Miami, FL)Key Biscayne
0%
WSomewhere in Spain, off-road race car driver Ben (Spencer) is anticipating the next rallycross race, because of the prize - a red Puma dune buggy with a yellow top.Watch Out, We're Mad!
0%
ZA song by Bud Spencer: Cock a doodle doo / My name is .... (1978).Zulu
0%

Score Distribution

Percentile by Number Answered

Percent of People with Each Score

Your Score History

You have not taken this quiz